000 00845nam a22002417a 4500
999 _c4248
_d4248
003 AR-CdUCM
008 190308b ||||| |||| 00| 0 spa d
040 _aMUNICIPALIDAD PROVINCIAL DEL CUSCO
_cBIBLIOTECA MUNICIPAL DEL CUSCO
041 _heng
082 _a708.2 /
_bF57
100 _aFischer, Ernest
_913430
245 _aLa necesidad del arte /
260 _aBarcelona :
_bEdicions 62.
_c1967.
300 _a273 paginas ;
_c20 cm.
440 _aHistoria, ciencia, sociedad
_n17
_913431
500 _aDonación de la familia Nieto
505 _aLos orígenes del arte -- El arte y el capitalismo -- El contenido y la forma -- La perdida y el descubrimiento de la realidad ...
650 _aLenguaje y arte
_913432
650 _aNaturaleza del arte
_913433
700 _aSolé-tura, Jordi
_913434
942 _2ddc
_cLIBROS
945 _aacv